Top Goalscorers in the Champions League for PSV Eindhoven - Statistics

General Stats
  • This quiz has been taken 48 times
  • The average score is 7 of 17
Answer Stats
# Goals Games Years Nat. Answer % Correct
1 15 17 1988-1993 🇧🇷 Romário
86%
3 9 28 2015-2019, 2023- 🇳🇱 Luuk de Jong
84%
13 4 18 2000-2005 🇳🇱 John de Jong
77%
4 8 11 1998-2000 🇳🇱 Ruud van Nistelrooy
73%
10 5 33 1997/98, 2004-2007 🇳🇱 Phillip Cocu
57%
17 4 34 2004-2008 🇵🇪 Jefferson Farfán
55%
2 10 15 1975-1979 🇳🇱 Willy van der Kuijlen
41%
16 4 29 2001-2006 🇳🇱 Jan Vennegoor of Hesselink
39%
14 4 26 1987-1993 🇳🇱 Wim Kieft
36%
14 4 26 2004-2007 🇧🇷 Alex
34%
6 6 13 1975-1979 🇳🇱 René van de Kerkhof
27%
12 4 11 2007-2009 🇳🇱 Danny Koevermans
25%
9 5 27 1997-2003 🇳🇱 Arnold Bruggink
16%
7 6 16 1975-1979 🇳🇱 Harry Lubse
7%
5 8 21 1988-1993 🇳🇱 Juul Ellerman
7%
11 4 6 1963/64 🇳🇱 Bert Theunissen
5%
8 5 4 1963/64 🇳🇱 Pierre Kerkhoffs
5%
No matching quizzes found
Score Distribution
Percent of People with Each Score
Percentile by Number Answered
Your Score History
You have not taken this quiz